[Event "HZ Chess Tournament 2022"]
[Site "Vlissingen, Netherlands"]
[Date "2022.08.10"]
[Round "6.1"]
[White "Santiago, Yago De Moura"]
[Black "Ponomariov, Ruslan"]
[Result "1/2-1/2"]
[WhiteElo "2490"]
[BlackElo "2642"]
[PlyCount "54"]

1. d4 Nf6 2. c4 e6 3. Nf3 d5 4. Nc3 Be7 5. Bf4 O-O 6. a3 b6 7. Qc2 c5 8. Rd1
Bb7 9. cxd5 exd5 10. e3 Nbd7 11. Bd3 g6 12. dxc5 bxc5 13. O-O Qb6 14. Be2 Rfd8
15. Na4 Qc6 16. Ne5 Nxe5 17. Bxe5 Rac8 18. Bf3 Ne4 19. Bxe4 dxe4 20. b3 Ba6 21.
Rxd8+ Rxd8 22. Rc1 Qd5 23. Bc3 Bd3 24. Qb2 Bb5 25. h3 Bxa4 26. bxa4 Bf8 27. a5
Qc6 1/2-1/2

[Event "HZ Chess Tournament 2022"]
[Site "Vlissingen, Netherlands"]
[Date "2022.08.10"]
[Round "6.2"]
[White "Ikonnikov, Vyacheslav"]
[Black "Van den Doel, Erik"]
[Result "1/2-1/2"]
[WhiteElo "2493"]
[BlackElo "2591"]
[PlyCount "90"]

1. d4 d5 2. Nf3 Nf6 3. c4 c6 4. Qb3 dxc4 5. Qxc4 Bf5 6. g3 e6 7. Bg2 Be7 8. O-O
O-O 9. e3 Nbd7 10. Qe2 Rc8 11. Nc3 b5 12. e4 Bg6 13. e5 Ne8 14. Rd1 Nc7 15. Ne1
b4 16. Ne4 Nd5 17. h4 h6 18. Nd3 c5 19. Nexc5 Nxc5 20. dxc5 Bxc5 21. Nxc5 Rxc5
22. Be3 Rc2 23. Qa6 Rxb2 24. Rac1 Bh5 25. Bd4 Bxd1 26. Bxb2 Bh5 27. Qxa7 Qa8
28. Qd4 Qxa2 29. g4 Bg6 30. Bxd5 Qxd5 31. Qxd5 exd5 32. Rc7 d4 33. h5 Be4 34.
e6 Bf3 35. e7 Re8 36. Rd7 b3 37. Rd8 Bc6 38. Bxd4 f6 39. Bb2 Kf7 40. Ba3 Bf3
41. Rd4 b2 42. Bxb2 Rxe7 43. Rf4 Re1+ 44. Kh2 Bd5 45. Bd4 Re4 1/2-1/2

[Event "HZ Chess Tournament 2022"]
[Site "Vlissingen, Netherlands"]
[Date "2022.08.10"]
[Round "6.3"]
[White "Baklan, Vladimir"]
[Black "Vrolijk, Liam"]
[Result "1/2-1/2"]
[WhiteElo "2582"]
[BlackElo "2464"]
[PlyCount "63"]

1. e4 e5 2. Nf3 Nc6 3. Bb5 a6 4. Ba4 Nf6 5. O-O b5 6. Bb3 Bc5 7. a4 Rb8 8. axb5
axb5 9. Nxe5 Nxe5 10. d4 Bxd4 11. Qxd4 d6 12. f4 Nc6 13. Qd3 O-O 14. Nc3 Nb4
15. Qd2 Qe7 16. e5 dxe5 17. fxe5 Qxe5 18. Qf4 Qe7 19. Qh4 Nbd5 20. Nxd5 Nxd5
21. Qxe7 Nxe7 22. Bf4 Be6 23. Bxc7 Rb7 24. Bxe6 fxe6 25. Rxf8+ Kxf8 26. Be5 Nc6
27. Bd6+ Ke8 28. Bc5 Rd7 29. b4 Rd2 30. Ra6 Kd7 31. Rb6 Kc7 32. Rxb5 1/2-1/2

[Event "HZ Chess Tournament 2022"]
[Site "Vlissingen, Netherlands"]
[Date "2022.08.10"]
[Round "6.4"]
[White "Lalith Babu M R"]
[Black "Grutter, Tim"]
[Result "1-0"]
[WhiteElo "2549"]
[BlackElo "2246"]
[PlyCount "121"]

1. d4 Nf6 2. c4 g6 3. Nc3 Bg7 4. e4 d6 5. Nf3 O-O 6. h3 e5 7. d5 Nh5 8. g3 Na6
9. Be3 f5 10. exf5 gxf5 11. Nh4 Nf6 12. Bd3 e4 13. Be2 Nd7 14. Ng2 Ne5 15. Nf4
Nc5 16. Qc2 a5 17. O-O-O b6 18. g4 Qe7 19. Rhg1 fxg4 20. hxg4 a4 21. a3 Ba6 22.
Bxc5 bxc5 23. Ne6 Bxc4 24. Qxe4 Bxe2 25. Qxe2 c4 26. f4 Nd3+ 27. Rxd3 cxd3 28.
Qxd3 Rfb8 29. Rh1 Bxc3 30. bxc3 Ra7 31. g5 Rab7 32. Rh6 Rb1+ 33. Kd2 Rg1 34.
Ke2 Rbb1 35. Rf6 Rh1 36. Kf2 Rb2+ 37. Kg3 Rg1+ 38. Kf3 Rb8 39. Qd4 Rc1 40. g6
Rxc3+ 41. Qxc3 Rb3 42. gxh7+ Kxh7 43. Ng5+ Kg8 44. Rg6+ Kf8 45. Ne6+ Ke8 46.
Rg8+ Kd7 47. Nf8+ Qxf8 48. Qxb3 Qxg8 49. Qxa4+ Ke7 50. Qe4+ Kd8 51. Qf5 Qh8 52.
Kg4 Qa1 53. Kg5 Qxa3 54. Kg6 Qb3 55. Kg7 Qc4 56. Qf8+ Kd7 57. Qf7+ Kc8 58. Qe8+
Kb7 59. Qc6+ Qxc6 60. dxc6+ Kxc6 61. f5 1-0

[Event "HZ Chess Tournament 2022"]
[Site "Vlissingen, Netherlands"]
[Date "2022.08.10"]
[Round "6.5"]
[White "Ollenberger, Roland"]
[Black "Harsha Bharathakoti"]
[Result "0-1"]
[WhiteElo "2256"]
[BlackElo "2557"]
[PlyCount "122"]

1. e4 c5 2. Nf3 Nc6 3. Bb5 g6 4. O-O Bg7 5. Nc3 e5 6. Bxc6 bxc6 7. d3 d6 8. Ne2
Ne7 9. c3 O-O 10. a3 f5 11. b4 c4 12. dxc4 fxe4 13. Nd2 Be6 14. Ng3 d5 15. Nb3
Nf5 16. Nc5 Bf7 17. cxd5 cxd5 18. Qg4 Nd6 19. Bg5 Qc8 20. Qh4 Nc4 21. Bh6 Qd8
22. Bg5 Qc7 23. Bh6 Bxh6 24. Qxh6 a5 25. h4 Qe7 26. h5 Rad8 27. f4 Qh4 28. Qg5
Qxg5 29. fxg5 gxh5 30. Nf5 Kh8 31. Rae1 axb4 32. axb4 Bg8 33. Rf2 Ra8 34. Nd7
Rfd8 35. Nf6 Be6 36. Ne3 Nxe3 37. Rxe3 Ra3 38. Rd2 Rc8 39. Nxd5 Rd8 40. Rxe4
Rxd5 41. Rxd5 Bxd5 42. Rxe5 Ba8 43. Re7 Ra2 44. g3 Bd5 45. Rd7 Be6 46. Re7 Bf5
47. c4 Rb2 48. Rb7 Be4 49. Rb8+ Kg7 50. c5 Rg2+ 51. Kf1 Rxg3 52. b5 h4 53. Re8
Bd3+ 54. Kf2 Bxb5 55. Re7+ Kg6 56. c6 Rxg5 57. c7 Rc5 58. Kg2 Bd3 59. Kh3 Bf5+
60. Kxh4 Rc3 61. c8=Q Rh3# 0-1

[Event "HZ Chess Tournament 2022"]
[Site "Vlissingen, Netherlands"]
[Date "2022.08.10"]
[Round "6.6"]
[White "Van der Kaap, Jos"]
[Black "Beerdsen, Thomas"]
[Result "0-1"]
[WhiteElo "2187"]
[BlackElo "2513"]
[PlyCount "70"]

1. d4 Nf6 2. Bf4 c6 3. e3 Qb6 4. b3 g6 5. Nf3 d6 6. h3 Bg7 7. Be2 c5 8. O-O O-O
9. c4 Nc6 10. Nc3 Bf5 11. Rc1 Ne4 12. Nxe4 Bxe4 13. Nd2 Bf5 14. e4 Bd7 15. dxc5
Qxc5 16. Nf3 Rfd8 17. Bd3 a5 18. Be3 Qb4 19. c5 a4 20. cxd6 Qxd6 21. Bb6 Rdc8
22. Bc5 Qc7 23. bxa4 Bh6 24. Rb1 Be6 25. a3 Ne5 26. Bb6 Nxf3+ 27. Qxf3 Qc3 28.
a5 Qxa3 29. Ra1 Qc3 30. Be2 Qe5 31. Rfd1 Bd2 32. Qa3 Bc3 33. Rac1 Qf6 34. Rd3
Bb2 35. Rxc8+ Rxc8 0-1

[Event "HZ Chess Tournament 2022"]
[Site "Vlissingen, Netherlands"]
[Date "2022.08.10"]
[Round "6.7"]
[White "Schoppen, Casper"]
[Black "Stillger, Bernhard"]
[Result "1/2-1/2"]
[WhiteElo "2507"]
[BlackElo "2245"]
[PlyCount "83"]

1. e4 e6 2. d4 d5 3. Nc3 Nc6 4. e5 a6 5. f4 Nh6 6. Nf3 Nf5 7. Ne2 b6 8. c3 h5
9. Neg1 Nce7 10. Bd3 c5 11. Ne2 Bd7 12. a4 g6 13. O-O Nc6 14. Ng3 Be7 15. Nxf5
gxf5 16. Be2 c4 17. b3 Na5 18. bxc4 Nxc4 19. Ng5 h4 20. Rf3 b5 21. Rh3 bxa4 22.
Qe1 Bxg5 23. fxg5 Bc6 24. g3 Rb8 25. gxh4 Rb3 26. Bd1 Qb6 27. Bc2 a3 28. Bxb3
Qxb3 29. Qe2 Bb5 30. Kg2 f4 31. Qf2 Qd1 32. Rf3 Ne3+ 33. Bxe3 Qxa1 34. Rxf4 Qd1
35. Qa2 Bd3 36. Qxa3 Qe2+ 37. Bf2 Be4+ 38. Rxe4 Qxe4+ 39. Kg1 Qb1+ 40. Kg2 Qe4+
41. Kg1 Qb1+ 42. Kg2 1/2-1/2

[Event "HZ Chess Tournament 2022"]
[Site "Vlissingen, Netherlands"]
[Date "2022.08.10"]
[Round "6.8"]
[White "Leenhouts, Koen"]
[Black "Nieuwelink, Kees"]
[Result "1-0"]
[WhiteElo "2442"]
[BlackElo "2200"]
[PlyCount "65"]

1. d4 f5 2. c4 Nf6 3. Nf3 d6 4. g3 g6 5. Bg2 Bg7 6. O-O O-O 7. Nc3 c6 8. d5 e5
9. dxe6 Bxe6 10. b3 Na6 11. Ng5 Re8 12. Nxe6 Rxe6 13. Bb2 Qe7 14. Qc2 Rd8 15.
Rad1 d5 16. cxd5 Nb4 17. Qc1 Nbxd5 18. Nxd5 Nxd5 19. Bxg7 Qxg7 20. Rxd5 cxd5
21. Bxd5 Rxd5 22. Qc8+ Qf8 23. Qxe6+ Qf7 24. Qc8+ Kg7 25. Rc1 Rd7 26. e3 Qd5
27. Qc3+ Kh6 28. Qb4 g5 29. h4 g4 30. Qf4+ Kg6 31. Rc4 Qd1+ 32. Kh2 h6 33. h5+
1-0

[Event "HZ Chess Tournament 2022"]
[Site "Vlissingen, Netherlands"]
[Date "2022.08.10"]
[Round "6.9"]
[White "De Jong, Tom"]
[Black "Pham, Khoi"]
[Result "1/2-1/2"]
[WhiteElo "2191"]
[BlackElo "2376"]
[PlyCount "73"]

1. e4 c5 2. Nf3 d6 3. Bb5+ Nd7 4. Ba4 Ngf6 5. O-O e6 6. Re1 a6 7. c3 b5 8. Bc2
c4 9. a4 Bb7 10. d4 cxd3 11. Qxd3 Nc5 12. Qe2 bxa4 13. e5 dxe5 14. Nxe5 Qd5 15.
Nf3 Be7 16. Be3 O-O 17. Nbd2 a5 18. Bd4 Rfe8 19. Qd1 Nfd7 20. Nf1 f6 21. Rxa4
e5 22. Ne3 Qc6 23. Bxc5 Nxc5 24. Rg4 Rad8 25. Qb1 e4 26. Nd4 Qc8 27. Qa2+ Kh8
28. Qf7 Bf8 29. Nef5 Rd7 30. Qh5 Re5 31. Re3 Rxf5 32. Nxf5 Rd5 33. Qxh7+ Kxh7
34. Rh3+ Kg8 35. Nh6+ Kh7 36. Nf5+ Kg8 37. Nh6+ 1/2-1/2

[Event "HZ Chess Tournament 2022"]
[Site "Vlissingen, Netherlands"]
[Date "2022.08.10"]
[Round "6.10"]
[White "Royal, Shreyas"]
[Black "Jeanne, Mickael"]
[Result "1-0"]
[WhiteElo "2375"]
[BlackElo "2145"]
[PlyCount "131"]

1. d4 d5 2. c4 e6 3. Nf3 Nf6 4. g3 Be7 5. Bg2 O-O 6. O-O dxc4 7. Qc2 a6 8. a4
Bd7 9. Qxc4 Bc6 10. Bg5 Bd5 11. Qc2 Be4 12. Qc1 Nc6 13. Rd1 Bxf3 14. Bxf3 Nxd4
15. Kg2 c5 16. e3 Nb3 17. Rxd8 Nxc1 18. Rxa8 Rxa8 19. Nd2 Nd3 20. Nc4 h6 21.
Bxf6 Bxf6 22. Bxb7 Rb8 23. Bxa6 Nxb2 24. Nxb2 Bxb2 25. Rd1 Ra8 26. Rd6 Bc3 27.
Rc6 Kf8 28. Bb5 Bb4 29. Rc7 g5 30. Bc6 Rd8 31. Bf3 Ke8 32. Bh5 Rd7 33. Rxd7
Kxd7 34. Bxf7 c4 35. Kf3 c3 36. Bg6 Kd6 37. Ke2 Kc5 38. Kd3 Ba5 39. Bf7 Kd5 40.
f4 gxf4 41. gxf4 Kd6 42. e4 Ke7 43. Bh5 Kf6 44. Bg4 Kf7 45. e5 Bb6 46. Bd1 Kg6
47. Ke4 Ba5 48. Bc2 Bb6 49. h3 Kf7 50. Kd3 Ke7 51. Kxc3 Be3 52. f5 exf5 53.
Bxf5 Bf4 54. Kd4 Bd2 55. Kd5 h5 56. Bg6 h4 57. Bf5 Be1 58. Kc6 Bc3 59. e6 Kd8
60. Bd3 Ke7 61. Bc4 Kd8 62. Bd5 Bb4 63. Kb5 Be7 64. a5 Kc7 65. a6 Kb8 66. Kc6
1-0

[Event "HZ Chess Tournament 2022"]
[Site "Vlissingen, Netherlands"]
[Date "2022.08.10"]
[Round "6.11"]
[White "Shakhverdian, William"]
[Black "Bezemer, Arno"]
[Result "1-0"]
[WhiteElo "2046"]
[BlackElo "2278"]
[PlyCount "59"]

1. d4 Nf6 2. c4 e6 3. Nc3 Bb4 4. f3 c5 5. d5 b5 6. e4 d6 7. Bd2 a6 8. Nge2 exd5
9. Nxd5 Nxd5 10. cxd5 Bxd2+ 11. Qxd2 O-O 12. Ng3 Qh4 13. Bd3 Nd7 14. O-O Ne5
15. Be2 f5 16. f4 Ng6 17. Bh5 Ne7 18. e5 Rd8 19. Bf3 Bb7 20. Rae1 g6 21. exd6
Rxd6 22. Qe3 Nxd5 23. Qxc5 Qd8 24. Rd1 Rc8 25. Qa7 Rc7 26. Rfe1 Rcd7 27. Nf1
Bc6 28. Qc5 Qc7 29. Bxd5+ Bxd5 30. Rxd5 1-0

[Event "HZ Chess Tournament 2022"]
[Site "Vlissingen, Netherlands"]
[Date "2022.08.10"]
[Round "6.12"]
[White "Van Delft, Merijn"]
[Black "Marzano, Carlo"]
[Result "1-0"]
[WhiteElo "2380"]
[BlackElo "2104"]
[PlyCount "83"]

1. e4 e5 2. Nf3 Nc6 3. Bb5 a6 4. Ba4 Nf6 5. O-O b5 6. Bb3 Bb7 7. d3 Be7 8. a4
O-O 9. Re1 d6 10. Nbd2 Re8 11. Nf1 h6 12. Ng3 Bf8 13. Bd2 Rb8 14. axb5 axb5 15.
c3 Ne7 16. Nh4 Qd7 17. h3 d5 18. Qf3 c5 19. Bxh6 c4 20. dxc4 dxe4 21. Qe2 gxh6
22. cxb5 Ned5 23. Nxe4 Nxe4 24. Qxe4 Nf4 25. Qf5 Qxf5 26. Nxf5 Bxg2 27. Ra7 Rb7
28. Rxb7 Bxb7 29. Kh2 Bd5 30. Bxd5 Nxd5 31. c4 Nf4 32. Rd1 Kh7 33. Rd7 Kg6 34.
Nd6 Bxd6 35. Rxd6+ Kg5 36. b6 Ne6 37. b4 f5 38. Rxe6 Rxe6 39. c5 e4 40. b7 f4
41. b8=Q e3 42. fxe3 1-0

[Event "HZ Chess Tournament 2022"]
[Site "Vlissingen, Netherlands"]
[Date "2022.08.10"]
[Round "6.13"]
[White "Koffeman, Timo"]
[Black "Dhulipalla Bala Chandra Pr"]
[Result "0-1"]
[WhiteElo "2119"]
[BlackElo "2431"]
[PlyCount "102"]

1. e4 e5 2. Nf3 Nc6 3. Bc4 Nf6 4. d3 h6 5. Nbd2 d6 6. c3 g6 7. O-O Bg7 8. Re1
O-O 9. d4 exd4 10. cxd4 d5 11. Bb5 dxe4 12. Nxe4 Nxe4 13. Rxe4 Qd5 14. Qe2 Bf5
15. Bxc6 Qxc6 16. Re3 Rfe8 17. Bd2 Rxe3 18. Qxe3 Re8 19. Qc3 Qb6 20. Be3 Be4
21. Ne5 Bd5 22. b4 c6 23. a3 Qd8 24. h3 Qh4 25. Re1 a6 26. Qa1 Kh7 27. Qc3 Kg8
28. Qa1 Qh5 29. Bd2 Kh7 30. Qc3 Qf5 31. Re3 h5 32. Re1 Kg8 33. Bc1 f6 34. Nd3
Rxe1+ 35. Nxe1 Qe4 36. Qe3 f5 37. Qxe4 Bxe4 38. Bb2 Kf7 39. Kf1 Bf6 40. Ke2 Ke6
41. f3 Bb1 42. Nd3 Bxd3+ 43. Kxd3 Kd5 44. Bc3 b6 45. g4 Bg7 46. gxh5 gxh5 47.
a4 Bf6 48. b5 axb5 49. axb5 c5 50. dxc5 Bxc3 51. Kxc3 Kxc5 0-1

[Event "HZ Chess Tournament 2022"]
[Site "Vlissingen, Netherlands"]
[Date "2022.08.10"]
[Round "6.14"]
[White "Lohr, Maximilian"]
[Black "Seul, Georg"]
[Result "1-0"]
[WhiteElo "2112"]
[BlackElo "2363"]
[PlyCount "85"]

1. d4 Nf6 2. Nc3 d5 3. Bf4 a6 4. e3 e6 5. g4 c5 6. g5 Nfd7 7. Qf3 Be7 8. Qg3
O-O 9. Nf3 Nc6 10. O-O-O b5 11. Bc7 Qe8 12. h4 f5 13. Ne2 c4 14. Nf4 Nd8 15. h5
Ra7 16. Ne2 Nc6 17. Bg2 a5 18. Nh4 a4 19. Nf4 Rxc7 20. Nxe6 Ra7 21. Bxd5 Nb6
22. Nc7+ Nxd5 23. Nxe8 Rxe8 24. Qf3 Rd8 25. Nxf5 Bxg5 26. Qg2 h6 27. f4 Bxf4
28. exf4 Bxf5 29. Rhe1 a3 30. Re8+ Rxe8 31. Qxd5+ Kh8 32. Qxf5 axb2+ 33. Kxb2
Rea8 34. Ra1 b4 35. Qc5 c3+ 36. Kb3 Rc7 37. Qd6 Na5+ 38. Kxb4 Rc6 39. Qd5 Rb6+
40. Kxc3 Rc8+ 41. Kd3 Nc6 42. c3 Nd8 43. Re1 1-0

[Event "HZ Chess Tournament 2022"]
[Site "Vlissingen, Netherlands"]
[Date "2022.08.10"]
[Round "6.15"]
[White "Sorbe, Stephane"]
[Black "Zwirs, Jasper"]
[Result "1-0"]
[WhiteElo "2353"]
[BlackElo "2105"]
[PlyCount "87"]

1. Nf3 Nf6 2. g3 d5 3. Bg2 e6 4. O-O Be7 5. d3 O-O 6. Nbd2 c5 7. e4 Nc6 8. Re1
dxe4 9. dxe4 e5 10. c3 h6 11. Qe2 Qc7 12. Nc4 b5 13. Ne3 Qb7 14. Nd5 Re8 15. a4
Rb8 16. axb5 Qxb5 17. Qxb5 Rxb5 18. Nc7 Rb7 19. Nxe8 Nxe8 20. Bf1 Be6 21. Ra6
Nb8 22. Ra5 Nd7 23. Ba6 Rc7 24. Bb5 Nef6 25. c4 Bd8 26. Bd2 Rb7 27. Ra3 Bc7 28.
Bc3 Bb8 29. Bc6 Rb6 30. Bd5 Bg4 31. Nd2 Nh7 32. f3 Bh5 33. g4 Bg6 34. h4 h5 35.
g5 Nhf8 36. Rb3 Kh7 37. Ra1 f6 38. Rxb6 axb6 39. Kf2 Be8 40. Nf1 fxg5 41. hxg5
Kg6 42. Bd2 Bf7 43. Ng3 Ne6 44. Nf5 1-0

[Event "HZ Chess Tournament 2022"]
[Site "Vlissingen, Netherlands"]
[Date "2022.08.10"]
[Round "6.16"]
[White "Coenen, Eduard"]
[Black "Klepke, Ricardo"]
[Result "0-1"]
[WhiteElo "2063"]
[BlackElo "2293"]
[PlyCount "106"]

1. d4 c5 2. c3 Nf6 3. Nf3 e6 4. Bf4 b6 5. e3 Be7 6. Nbd2 O-O 7. Bd3 d5 8. Ne5
Ba6 9. Bc2 Qc8 10. Bg5 Nc6 11. Nxc6 Qxc6 12. Qf3 Rfe8 13. h4 b5 14. h5 h6 15.
Bf4 cxd4 16. exd4 b4 17. Rh3 Rec8 18. g4 bxc3 19. bxc3 Bb4 20. Rc1 Qxc3 21.
Qxc3 Rxc3 22. Rxc3 Bxc3 23. Bh7+ Kxh7 24. Rxc3 Nxg4 25. Rc7 Kg8 26. Bd6 Rc8 27.
f3 Rxc7 28. Bxc7 Ne3 29. Bb8 Nc2+ 30. Kf2 Nb4 31. Bxa7 Nxa2 32. Ke3 Nb4 33. Nb3
Nc6 34. Bb6 Ne7 35. Nc5 Nf5+ 36. Kf4 Bb5 37. Nb7 Be2 38. Bc5 Nh4 39. Be7 Nxf3
40. Ke3 Bd1 41. Nc5 Ng5 42. Kf4 f6 43. Nd7 Kf7 44. Bb4 Bxh5 45. Nc5 Be2 46. Nb7
h5 47. Nd8+ Kg6 48. Nc6 Bg4 49. Kg3 Ne4+ 50. Kh2 Kf5 51. Ba3 Kf4 52. Bc1+ Kf3
53. Nb4 Ke2 0-1

[Event "HZ Chess Tournament 2022"]
[Site "Vlissingen, Netherlands"]
[Date "2022.08.10"]
[Round "6.17"]
[White "Duson, Robin"]
[Black "Grochal, Joey"]
[Result "1-0"]
[WhiteElo "2040"]
[BlackElo "2290"]
[PlyCount "95"]

1. d4 Nf6 2. c4 e6 3. Nc3 Bb4 4. f3 d5 5. a3 Bxc3+ 6. bxc3 c5 7. cxd5 exd5 8.
e3 c4 9. g4 O-O 10. Ne2 Re8 11. Bg2 Nc6 12. O-O Na5 13. Ng3 h6 14. Rb1 Nb3 15.
Qc2 Qc7 16. Qf2 Be6 17. h3 Rad8 18. e4 Nxc1 19. Rfxc1 Nh7 20. e5 Rf8 21. f4 f5
22. Rb5 Qf7 23. Rf1 Kh8 24. Qb2 b6 25. a4 Qe7 26. gxf5 Bxf5 27. Rxd5 Rxd5 28.
Nxf5 Rxf5 29. Bxd5 Qh4 30. Qh2 g5 31. fxg5 Qxg5+ 32. Qg2 Rxf1+ 33. Kxf1 Qc1+
34. Kf2 Ng5 35. Qg3 Qd2+ 36. Kg1 Qd1+ 37. Kg2 Qc2+ 38. Qf2 Qg6 39. Qf6+ Kh7 40.
Qxg6+ Kxg6 41. h4 Nf7 42. h5+ Kg7 43. Bxf7 Kxf7 44. d5 a6 45. Kf3 b5 46. axb5
axb5 47. Ke4 Ke7 48. Kd4 1-0

[Event "HZ Chess Tournament 2022"]
[Site "Vlissingen, Netherlands"]
[Date "2022.08.10"]
[Round "6.18"]
[White "Laux, Dominik"]
[Black "Bakker, Jouke"]
[Result "1/2-1/2"]
[WhiteElo "2245"]
[BlackElo "2113"]
[PlyCount "85"]

1. e4 c5 2. Nf3 d6 3. d4 cxd4 4. Nxd4 Nf6 5. Nc3 Nc6 6. Bg5 e6 7. Qd2 a6 8.
O-O-O Bd7 9. f3 Be7 10. Kb1 Nxd4 11. Qxd4 Bc6 12. h4 Qc7 13. Qd2 Rd8 14. Ne2 h6
15. Be3 d5 16. e5 Nd7 17. f4 Bb5 18. Qe1 Rc8 19. Nd4 Bxf1 20. Rxf1 Bc5 21. c3
Bxd4 22. Rxd4 h5 23. Qe2 b5 24. a4 Rb8 25. axb5 axb5 26. Rb4 Ke7 27. Rxb5 Rxb5
28. Qxb5 Rb8 29. Qd3 g6 30. Rc1 Nc5 31. Bxc5+ Qxc5 32. Qd4 Qxd4 33. cxd4 Rb4
34. Rd1 Rb3 35. Ka2 Rg3 36. b4 Rxg2+ 37. Kb3 Rg3+ 38. Ka4 Rc3 39. Ka5 Kd7 40.
Kb6 Rc6+ 41. Kb7 Rc7+ 42. Kb6 Rc6+ 43. Kb7 1/2-1/2

[Event "HZ Chess Tournament 2022"]
[Site "Vlissingen, Netherlands"]
[Date "2022.08.10"]
[Round "6.19"]
[White "Boghossian, Wahe"]
[Black "Honkoop, Gilian"]
[Result "1/2-1/2"]
[WhiteElo "1892"]
[BlackElo "2184"]
[PlyCount "77"]

1. Nf3 Nf6 2. d4 e6 3. Bg5 h6 4. Bh4 d5 5. e3 Be7 6. Nbd2 O-O 7. Bd3 b6 8. Ne5
c5 9. c3 Bb7 10. O-O Nc6 11. f4 Ne4 12. Nxc6 Bxc6 13. Bxe7 Qxe7 14. Nf3 f6 15.
Nh4 Be8 16. Qc2 Nd6 17. Bh7+ Kh8 18. Bg6 f5 19. g3 Qf6 20. Bxe8 Rfxe8 21. Nf3
Rec8 22. Ne5 Rc7 23. Qd3 a5 24. a4 c4 25. Qc2 Ne4 26. Kg2 Kh7 27. Qe2 Qe7 28.
Ra2 Qe8 29. Rfa1 Rb7 30. g4 Rab8 31. gxf5 exf5 32. Kh1 b5 33. axb5 Rxb5 34. Rg1
R8b7 35. Rg6 Re7 36. Ra6 Reb7 37. R6xa5 Rxa5 38. Rxa5 Qd8 39. Qh5 1/2-1/2

[Event "HZ Chess Tournament 2022"]
[Site "Vlissingen, Netherlands"]
[Date "2022.08.10"]
[Round "6.20"]
[White "Lacrosse, Marc"]
[Black "Baarslag, Ed"]
[Result "1/2-1/2"]
[WhiteElo "2023"]
[BlackElo "2172"]
[PlyCount "51"]

1. d4 d5 2. c4 e6 3. Nf3 Nf6 4. Nc3 a6 5. c5 b6 6. cxb6 c5 7. Qb3 Bd7 8. dxc5
Bxc5 9. Na4 Bxa4 10. Qxa4+ Nbd7 11. b7 Ra7 12. b4 Bb6 13. e3 a5 14. Bb2 Rxb7
15. Bb5 axb4 16. Bxf6 gxf6 17. O-O O-O 18. Qxb4 Bc5 19. Qg4+ Kh8 20. a4 f5 21.
Qf4 Be7 22. Rac1 Bf6 23. Rc2 Bg7 24. Qd6 Ne5 25. Qxd8 Rxd8 26. Nxe5 1/2-1/2

[Event "HZ Chess Tournament 2022"]
[Site "Vlissingen, Netherlands"]
[Date "2022.08.10"]
[Round "6.22"]
[White "Kools, Thomas"]
[Black "Bazilius, Augustinas"]
[Result "1/2-1/2"]
[WhiteElo "2135"]
[BlackElo "2045"]
[PlyCount "73"]

1. e4 c5 2. Nc3 a6 3. g3 b5 4. Bg2 Bb7 5. d3 e6 6. Nh3 Nf6 7. O-O d6 8. f4 Be7
9. f5 e5 10. Nd5 Nxd5 11. exd5 h6 12. Qg4 Bf6 13. Bd2 Nd7 14. Rae1 Qb6 15. Kh1
a5 16. Nf2 O-O-O 17. c4 b4 18. b3 Kc7 19. Ra1 Rhg8 20. Ne4 Be7 21. a3 Nf6 22.
Nxf6 Bxf6 23. Be4 Kd7 24. Kg2 Ra8 25. Qh5 Ke7 26. axb4 axb4 27. Rxa8 Rxa8 28.
h4 Rh8 29. g4 Qd8 30. Ra1 Bc8 31. Be3 Bd7 32. Ra7 Qe8 33. Kg3 Qf8 34. Ra6 Qc8
35. Ra7 Qf8 36. Ra6 Qc8 37. Ra7 1/2-1/2

[Event "HZ Chess Tournament 2022"]
[Site "Vlissingen, Netherlands"]
[Date "2022.08.10"]
[Round "6.23"]
[White "Lammens, Tim"]
[Black "Mensing, Adrian"]
[Result "0-1"]
[WhiteElo "2255"]
[BlackElo "1969"]
[PlyCount "124"]

1. Nf3 Nf6 2. g3 g6 3. Bg2 Bg7 4. O-O O-O 5. d4 c5 6. dxc5 Na6 7. Be3 Ng4 8.
Bd4 e5 9. Bc3 Nxc5 10. h3 Nxf2 11. Rxf2 Ne4 12. Be1 Nxf2 13. Bxf2 d5 14. c3 Be6
15. Nbd2 Qe7 16. Nf1 Rfd8 17. a4 d4 18. cxd4 e4 19. Ne1 f5 20. Qd2 Rac8 21. e3
Rc4 22. g4 Bh6 23. Qe2 Qe8 24. Ng3 Rb4 25. gxf5 gxf5 26. h4 Qf7 27. Bh3 Rd5 28.
Ng2 Ra5 29. Rc1 Rbxa4 30. Kh2 Rxd4 31. exd4 Bxc1 32. Qe1 Ra1 33. d5 Bd7 34. Be3
Bxb2 35. Qb4 Be5 36. Bf4 Qxd5 37. Qe7 Qd4 38. Ne2 Bxf4+ 39. Ngxf4 Ra2 40. Qg5+
Kf7 41. Qh5+ Ke7 42. Qxh7+ Kd6 43. Qg6+ Kc7 44. Qg3 Qe5 45. Bg2 Rxe2 46. Nxe2
Qxg3+ 47. Kxg3 Kd6 48. Kf4 Ke6 49. Kg5 b5 50. h5 Kf7 51. h6 b4 52. Nd4 a5 53.
Bf1 Kg8 54. Bc4+ Kh7 55. Ne2 a4 56. Nf4 b3 57. Bd5 b2 58. Ba2 a3 59. Ng6 Be8
60. Nf8+ Kh8 61. Kf6 e3 62. Ke7 Bh5 0-1

[Event "HZ Chess Tournament 2022"]
[Site "Vlissingen, Netherlands"]
[Date "2022.08.10"]
[Round "6.24"]
[White "Bruil, Rembrandt"]
[Black "Ackermann, Frank"]
[Result "1-0"]
[WhiteElo "2230"]
[BlackElo "2012"]
[PlyCount "95"]

1. Nf3 Nf6 2. e3 e6 3. c4 c5 4. d4 b6 5. Nc3 Be7 6. d5 d6 7. e4 O-O 8. Be2 exd5
9. exd5 Bf5 10. Nh4 Bc8 11. O-O Re8 12. Re1 Bf8 13. Bd3 Rxe1+ 14. Qxe1 Nbd7 15.
Nf3 Qe7 16. Bf4 Nh5 17. Bg5 f6 18. Bd2 Ne5 19. Nxe5 fxe5 20. Qe4 g6 21. Re1 Qf7
22. g3 Bd7 23. Qe2 Re8 24. f3 Nf6 25. Kg2 Bg7 26. Be4 Qf8 27. Qe3 Kh8 28. g4
Ng8 29. h4 Qf7 30. Rh1 Bh6 31. g5 Bg7 32. h5 Bf5 33. hxg6 Bxg6 34. Bxg6 Qxg6
35. Qe4 Ne7 36. Nb5 Rd8 37. Nxa7 Ra8 38. Nb5 Rxa2 39. Bc1 Kg8 40. Qxg6 Nxg6 41.
Nxd6 Nf4+ 42. Bxf4 exf4 43. Rb1 Bxb2 44. Kh3 Kf8 45. Kg4 Be5 46. Rxb6 Bxd6 47.
Rxd6 Rc2 48. Rf6+ 1-0

[Event "HZ Chess Tournament 2022"]
[Site "Vlissingen, Netherlands"]
[Date "2022.08.10"]
[Round "6.25"]
[White "Galle, Andre"]
[Black "Lefebvre, Herve"]
[Result "1-0"]
[WhiteElo "1999"]
[BlackElo "2212"]
[PlyCount "85"]

1. d4 Nf6 2. c4 e6 3. Nc3 Bb4 4. Qc2 O-O 5. Nf3 d5 6. Bg5 h6 7. Bxf6 Qxf6 8. e3
c6 9. a3 Bxc3+ 10. Qxc3 Nd7 11. Be2 dxc4 12. Bxc4 c5 13. Rc1 b6 14. d5 Qxc3+
15. Rxc3 exd5 16. Bxd5 Rb8 17. O-O Nf6 18. e4 Re8 19. Re3 Ng4 20. Rc3 Nf6 21.
Re3 Be6 22. Bxe6 Rxe6 23. e5 Ng4 24. Re4 f5 25. Re2 Rbe8 26. Rfe1 g5 27. Kf1
Kg7 28. h3 h5 29. Nxg5 Rg6 30. f4 Nh6 31. Rd2 Re7 32. Red1 Rxg5 33. fxg5 Nf7
34. Rd7 Rxe5 35. Re1 Kg6 36. h4 f4 37. Rxe5 Nxe5 38. Rxa7 Nc4 39. Rb7 Kf5 40.
Kf2 Nxb2 41. Rxb6 Nd3+ 42. Ke2 Ne5 43. g6 1-0

[Event "HZ Chess Tournament 2022"]
[Site "Vlissingen, Netherlands"]
[Date "2022.08.10"]
[Round "6.26"]
[White "Duchene, Rene"]
[Black "Gosman, Theo"]
[Result "1-0"]
[WhiteElo "2170"]
[BlackElo "1997"]
[PlyCount "33"]

1. Nf3 d5 2. c4 e6 3. g3 Nf6 4. Bg2 Be7 5. O-O O-O 6. d4 c6 7. Nbd2 Nbd7 8. Qc2
Qc7 9. e4 dxe4 10. Nxe4 b6 11. Bf4 Qb7 12. Nd6 Qa6 13. Rfd1 Rd8 14. b4 Nh5 15.
b5 cxb5 16. cxb5 Qa3 17. Nc4 1-0

[Event "HZ Chess Tournament 2022"]
[Site "Vlissingen, Netherlands"]
[Date "2022.08.10"]
[Round "6.27"]
[White "Hoffman, Ron"]
[Black "Wilgenhof, Otto"]
[Result "1/2-1/2"]
[WhiteElo "1999"]
[BlackElo "2170"]
[PlyCount "64"]

1. d4 Nf6 2. Bf4 c5 3. e3 cxd4 4. exd4 d5 5. c3 Bf5 6. Qb3 Qc8 7. Nf3 e6 8.
Nbd2 Be7 9. Be2 O-O 10. O-O Nc6 11. Ne5 a6 12. a4 Na5 13. Qd1 b5 14. b4 Nc4 15.
Nexc4 dxc4 16. Bf3 Nd5 17. Bxd5 exd5 18. Re1 Re8 19. Qf3 a5 20. Qxd5 axb4 21.
axb5 Rxa1 22. Rxa1 bxc3 23. Nf3 Bf6 24. Ne5 Rd8 25. Qxf7+ Kh8 26. Nc6 Rd7 27.
Qxc4 c2 28. Be5 Bxe5 29. Nxe5 Rxd4 30. Nf7+ Kg8 31. Nh6+ Kh8 32. Nf7+ Kg8
1/2-1/2

[Event "HZ Chess Tournament 2022"]
[Site "Vlissingen, Netherlands"]
[Date "2022.08.10"]
[Round "6.28"]
[White "Zevenhuizen, Daniel"]
[Black "Smeets, Kobe"]
[Result "1-0"]
[WhiteElo "2168"]
[BlackElo "1994"]
[PlyCount "85"]

1. e4 c5 2. Nf3 e6 3. d3 Nc6 4. g3 Qc7 5. Bg2 Nf6 6. O-O Be7 7. Re1 d6 8. c3 e5
9. a4 O-O 10. Na3 a6 11. Nc4 Be6 12. Ng5 d5 13. Ne3 d4 14. Nd5 Bxd5 15. exd5
Na7 16. Bd2 Rad8 17. Qb3 Nc8 18. Rac1 Bd6 19. Nf3 Qb8 20. Re2 Ne7 21. Rce1 Nd7
22. Bh3 Ng6 23. Bf5 b5 24. axb5 axb5 25. h4 e4 26. dxe4 Bxg3 27. cxd4 c4 28.
Qc3 Bf4 29. e5 Nb6 30. d6 Nd5 31. Qc2 Bxd2 32. Rxd2 Nb4 33. Qe4 Nd3 34. Rxd3
cxd3 35. h5 d2 36. Nxd2 Qa8 37. hxg6 hxg6 38. Qxa8 Rxa8 39. Bd7 Ra2 40. Rb1 Rb8
41. e6 Ra7 42. d5 Rd8 43. Rc1 1-0